000 00280nam a2200097Ia 4500
001 1165954
005 20250827011751.0
008 250824s9999 xx 000 0 und d
245 0 _aFRANZ VE FUTBOL HİKAYESİ
_cCHRİSTİNE NÖSTLİNGER
260 _bGÜNIŞIĞI KİTAPLIĞI YAYINLARI
999 _c1165954
_d1165954